000 00987nam a2200253 u 4500
001 000020490
003 DO-SdBNP
005 20221213123757.0
007 ta
008 100809s1992 dr r 000 0 spa d
040 _aDO-SdBNP
_bspa
_cBPMSU
082 4 _aRD861.44
_bL865d 1992
_222
100 1 _aLora, Huchi
_d1947-
245 1 4 _aLas décimas de Huchi Lora (1) /
_cHuchi Lora , selección Luis Beiro Álvarez ; ilustraciones Osiris Gómez.
260 _aSanto Domingo :
_bEditora de Colores,
_c1992.
300 _a326 p. :
_bil. ;
_c21 cm.
505 _aSociales 39 -- Cibaeñas 89 -- Servicios de salud 105 -- Judiciales 129 -- Protestas 165 -- Apagones 175 -- Gobierno 187 -- Oposición 241 -- Bancarias 259 -- Drogas 267 -- Internacionales 275 -- Quinto centenario 297 -- Merengues 305
590 _aInventariado, 2022/VM
650 4 _aPoesía dominicana
650 4 _aLiteratura dominicana
700 z _a Álvarez, Luis Beiro
910 _aVMateoV./Validado
942 _2ddc
_cBK
999 _c14359
_d14359